| Tag |
First Indicator |
Second Indicator |
Subfields |
| LEADER |
00000cam a2200000 i 4500 |
| 001 |
in00000472829 |
| 005 |
20151013050619.0 |
| 008 |
750811s1975 paua 00110 eng |
| 010 |
|
|
|a 74033620
|
| 020 |
|
|
|a 0830658246 :
|c $8.95.
|
| 020 |
|
|
|a 0830648240 (pbk.)
|
| 035 |
|
|
|a (OCoLC)01583730
|
| 035 |
|
|
|9 ACA4812AM
|
| 040 |
|
|
|a DLC
|c DLC
|d TXA
|d UtOrBLW
|
| 049 |
|
|
|a TXAM
|c [1152741]
|
| 050 |
0 |
0 |
|a HF5688
|b .G55
|
| 082 |
0 |
|
|a 681/.14
|
| 100 |
1 |
|
|a Gilbert, Jack,
|d 1915-
|
| 245 |
1 |
0 |
|a Advanced applications for pocket calculators /
|c by Jack Gilbert.
|
| 250 |
|
|
|a 1st ed.
|
| 264 |
|
1 |
|a Blue Ridge Summit, Pa. :
|b G/L Tab Books,
|c 1975.
|
| 300 |
|
|
|a 304 pages :
|b illustrations ;
|c 22 cm.
|
| 336 |
|
|
|a text
|b txt
|2 rdacontent
|
| 337 |
|
|
|a unmediated
|b n
|2 rdamedia
|
| 338 |
|
|
|a volume
|b nc
|2 rdacarrier
|
| 500 |
|
|
|a Includes index.
|
| 650 |
|
0 |
|a Calculators
|v Problems, exercises, etc.
|
| 999 |
|
|
|a MARS
|
| 999 |
f |
f |
|s 3e61d304-cd5e-32e1-aeb7-09d1d9eda799
|i 3f881023-c91b-3808-b511-20963acfa8da
|t 0
|
| 952 |
f |
f |
|p ric
|a Texas A&M University
|b Rellis Campus
|c Joint Library Facility
|d Remote Storage
|t 0
|e HF5688 .G55
|h Library of Congress classification
|i unmediated -- volume
|m A14802846417
|
| 998 |
f |
f |
|a HF5688 .G55
|t 0
|l Remote Storage
|